Catálogo
 En Linea

La vida nueva / (Registro nro. 8210)

Detalles MARC
000 -CABECERA
campo de control de longitud fija 00830cam a2200265 a 4500
001 - NÚMERO DE CONTROL
campo de control 000008439
005 - FECHA Y HORA DE LA ÚLTIMA TRANSACCIÓN
campo de control 20200929161337.0
008 - DATOS DE LONGITUD FIJA--INFORMACIÓN GENERAL
campo de control de longitud fija 850610m20002000uy 010 0 spa d
020 ## - NÚMERO INTERNACIONAL ESTÁNDAR DEL LIBRO
Número Internacional Estándar del Libro 9974360617
040 ## - FUENTE DE LA CATALOGACIÓN
Centro catalogador/agencia de origen DO-SdBNP
Centro/agencia transcriptor CSdS
Centro/agencia modificador DLC
-- BNPHU
042 ## - CÓDIGO DE AUTENTICACIÓN
Código de autenticación premarc
043 ## - CÓDIGO DE ÁREA GEOGRÁFICA
Código de área geográfica s-uy
082 ## - NÚMERO DE LA CLASIFICACIÓN DECIMAL DEWEY
Número de clasificación U863.44
Número de documento/Ítem R685v, 2000
049 ## - FONDOS LOCALES (OCLC)
Fondos de biblioteca BNGR
100 1# - ENTRADA PRINCIPAL--NOMBRE DE PERSONA
Nombre de persona Rodó, José Enrique,
Fechas asociadas al nombre 1871-1917.
9 (RLIN) 3052
245 13 - MENCIÓN DE TÍTULO
Título La vida nueva /
Mención de responsabilidad, etc. José Enrique Rodó.
260 ## - PUBLICACIÓN, DISTRIBUCIÓN, ETC.
Lugar de publicación, distribución, etc. Montevideo, :
Nombre del editor, distribuidor, etc. Dornaleche y Reyes,
Fecha de publicación, distribución, etc. 2000.
300 ## - DESCRIPCIÓN FÍSICA
Extensión v :
Otras características físicas fasc. ;
Dimensiones 19 cm.
500 ## - NOTA GENERAL
Nota general Homenaje al Centenario de "Ariel" de José Enrique Rodó, 1900-2000
505 0# - NOTA DE CONTENIDO CON FORMATO
Nota de contenido con formato Lema.--El que vendra.--La novela nueva.
500 ## - NOTA GENERAL
Nota general Edición fascimilar
650 #4 - PUNTO DE ACCESO ADICIONAL DE MATERIA--TÉRMINO DE MATERIA
Término de materia o nombre geográfico como elemento de entrada Novela uruguaya
9 (RLIN) 5679
650 #4 - PUNTO DE ACCESO ADICIONAL DE MATERIA--TÉRMINO DE MATERIA
Término de materia o nombre geográfico como elemento de entrada Literatura uruguaya
9 (RLIN) 3054
910 ## - DATOS DE OPCIÓN DEL USUARIO (OCLC)
Datos de opción del usuario Catalogación derivada
Existencias
Estado de retiro Estado de pérdida Restricciones de uso No para préstamo Código de colección Localización permanente Ubicación/localización actual Ubicación en estantería Fecha de adquisición Número de inventario Total de préstamos Signatura topográfica completa Código de barras Fecha visto por última vez Número de copia Precio válido a partir de Tipo de ítem Koha
    Préstamo restringido Préstamo restrigido Monografías: Libros y Folletos General General En catalogación 16.09.2009 LF1   U863.44 R685v, 2000 8439-10 25.06.2020 e. 1 25.06.2020 Préstamo interno

Con tecnología Koha